judicial

Codigo Penal de la Nacion Argentina: (Registro nro. 6541)

Detalles MARC
000 -LEADER
fixed length control field 01259nam a22004217a 4500
003 - CONTROL NUMBER IDENTIFIER
control field OSt
005 - DATE AND TIME OF LATEST TRANSACTION
control field 20260506073151.0
007 - PHYSICAL DESCRIPTION FIXED FIELD--GENERAL INFORMATION
fixed length control field ta
008 - FIXED-LENGTH DATA ELEMENTS--GENERAL INFORMATION
fixed length control field 260506s2025 ag ||||| |||| 00| 0 spa d
020 ## - INTERNATIONAL STANDARD BOOK NUMBER
International Standard Book Number 9789873052132
040 ## - CATALOGING SOURCE
Transcribing agency cj catamarca
082 ## - DEWEY DECIMAL CLASSIFICATION NUMBER
Classification number 343(094.4) D542c 2025
100 10 - MAIN ENTRY--PERSONAL NAME
9 (RLIN) 327
Personal name Dias, Horacio
245 10 - TITLE STATEMENT
Title Codigo Penal de la Nacion Argentina:
Remainder of title comentado. Parte General. Segunda edicion ampliada y actualizada con la Ley 27.785
250 ## - EDITION STATEMENT
Edition statement 2º ed.
260 ## - PUBLICATION, DISTRIBUTION, ETC.
Place of publication, distribution, etc. Santa Fe:
Name of publisher, distributor, etc. Rubinzal Culzoni,
Date of publication, distribution, etc. 2025
300 ## - PHYSICAL DESCRIPTION
Extent 904 p.
Dimensions 23 cm
500 ## - GENERAL NOTE
General note INVENTARIO Nº 8171
650 #7 - SUBJECT ADDED ENTRY--TOPICAL TERM
Source of heading or term SAIJ
653 ## - INDEX TERM--UNCONTROLLED
Uncontrolled term DERECHO PENAL
653 ## - INDEX TERM--UNCONTROLLED
Uncontrolled term CODIGO PENAL 2025
653 ## - INDEX TERM--UNCONTROLLED
Uncontrolled term CODIGO PENAL-PARTE GENERAL
653 ## - INDEX TERM--UNCONTROLLED
Uncontrolled term LEY PENAL
653 ## - INDEX TERM--UNCONTROLLED
Uncontrolled term PENAS
653 ## - INDEX TERM--UNCONTROLLED
Uncontrolled term CONDENA CONDICIONAL
653 ## - INDEX TERM--UNCONTROLLED
Uncontrolled term REPARACION-PREJUICIOS
653 ## - INDEX TERM--UNCONTROLLED
Uncontrolled term IMPUTABILIDAD
653 ## - INDEX TERM--UNCONTROLLED
Uncontrolled term TENTATIVA
653 ## - INDEX TERM--UNCONTROLLED
Uncontrolled term PARTICIPACION CRIMINAL
653 ## - INDEX TERM--UNCONTROLLED
Uncontrolled term REINCIDENCIA
653 ## - INDEX TERM--UNCONTROLLED
Uncontrolled term CONCURSO DE DELITOS
653 ## - INDEX TERM--UNCONTROLLED
Uncontrolled term ACCION PENAL-EXTINCION
653 ## - INDEX TERM--UNCONTROLLED
Uncontrolled term PRESCRIPCION-PENAS
653 ## - INDEX TERM--UNCONTROLLED
Uncontrolled term SUSPENSION DEL JUICIO A PRUEBA
653 ## - INDEX TERM--UNCONTROLLED
Uncontrolled term PROBATION
856 ## - ELECTRONIC LOCATION AND ACCESS
Uniform Resource Identifier <a href="https://drive.google.com/file/d/16YZB4qoFqGBjEQMWJqKiN8tqcoTkKsok/view?usp=sharing">https://drive.google.com/file/d/16YZB4qoFqGBjEQMWJqKiN8tqcoTkKsok/view?usp=sharing</a>
942 ## - ADDED ENTRY ELEMENTS (KOHA)
Source of classification or shelving scheme Dewey Decimal Classification
Koha item type Book
Suppress in OPAC No
Existencias
Withdrawn status Lost status Source of classification or shelving scheme Damaged status Not for loan Home library Current library Date acquired Source of acquisition Total Checkouts Full call number Barcode Date last seen Price effective from Koha item type
    Dewey Decimal Classification     PJCB PJCB 05/06/2026 Compra   343(094.4) D542c 2025 8171 05/06/2026 05/06/2026 Book
-->
  •  poder judicial

    Con tecnología Koha